Statistics for 青森県の観光スポットクイズ

Click here to take the quiz!

General Stats

  • This quiz has been taken 13 times
  • The average score is 4 of 15

Answer Stats

HintAnswer% Correct
青森県と秋田県の県境付近に広がる世界自然遺産といえば?白神山地
100%
ウミネコの繁殖地として国の天然記念物に指定されている、八戸市にある陸続きの小さな島といえば?蕪島
46%
青森市のソウルフード、味の札幌で販売されているご当地ラーメンといえば?味噌カレー牛乳ラーメン
38%
岩木山8合目まで登ることができる、全長9.8kmの有料道路は何?津軽岩木スカイライン
38%
作家・太宰治がよく遊んだ場所として知られ、日本のさくら名所100選にも選定されている公園は何公園?芦野公園
38%
青森県で著名な半島といえば、津軽半島、下北半島、夏泊半島の3つ。
では夏泊半島の先端付近にある半島と橋で繋がっている島は何島?
大島
23%
六ヶ所村の鷹架にある六ヶ所村の特産品が売られている施設は何?六旬館
23%
津軽エリアをスイスイ観光!気軽にお出かけ!がキャッチフレーズの津軽線の代替として
JR東日本スタートアップ株式会社が運行しているもののうち、9:00〜17:00までの間、いつでも任意の場所に
予約できるものを平仮名2字+片仮名2字でなんという?
わんタク
23%
西に陸奥湾、東に太平洋を見渡せる、横浜町にある標高507.8mの東北100名山のうちの1つは何?吹越烏帽子
15%
酸ヶ湯温泉にある160畳もの広さを誇るヒバ造りの大浴場の名称は?ヒバ千人風呂
15%
佐井村にある港のうちかつてシィラインが停泊した港。佐井、牛滝とあと1つは何?福浦
15%
青森県を代表する歴史ある冬の一大イベントで、迫力満点の冬花火や寒空に輝く美しい月、満天の星を楽しめるものといえば?十和田湖冬物語
15%
大鰐町にある石の塔に関することわざである「石の塔見ねうぢ でっけぇごと しゃべらいねぞ」がもとになって
毎年6月に開催されるユニークなイベントは何?
万国ホラ吹き大会
8%
夜間に航行する船が安全に出入りできるように1827年に野村治三郎によって建てられた、
野辺地町の町指定史跡は何?
浜町の常夜燈
8%
津軽霊場第9番の札所で、津軽礼状の中でも最も難所とされている、室町時代に作られた観音堂は何?見入山観音堂
0%

Score Distribution

Percentile by Number Answered

Percent of People with Each Score

Your Score History

You have not taken this quiz